Normal view
MARC view
Entry Topical Term
001 - CONTROL NUMBER
- control field: 36295
003 - CONTROL NUMBER IDENTIFIER
- control field: OSt
005 - DATE AND TIME OF LATEST TRANSACTION
- control field: 20230302122112.0
008 - FIXED-LENGTH DATA ELEMENTS
- fixed length control field: 230302|| aca||aabn | a|a d
040 ## - CATALOGING SOURCE
- Original cataloging agency: OSt
- Transcribing agency: OSt
150 ## - HEADING--TOPICAL TERM
- Topical term or geographic name entry element: Intercultural cities, City networks, Systemic analysis, Integration policy, Council of Europe.
670 ## - SOURCE DATA FOUND
- Source citation: Work cat.: (OSt): White, Bob W. 36294, Local Government Studies
